• 首页
  • 本馆介绍
  • 公告通知
  • 最新文献
  • 馆藏检索
  • 电子资源
  • 读者导购
  • 参考咨询
  • 我的图书馆
  • 登录
  • 详细信息显示
  • 放入我的书架
  • 预约/预借图书
  • 作者相关作品
  • 分类相关作品
  • 丛书相关作品
  • 出版社相关作品

书目信息

  • 表格格式
  • 工作单格式
  • 卡片格式
题名:
八月桂花遍地开
    
 
作者: 辛易 著
分册:  
出版信息: 南京   江苏凤凰文艺出版社  2020.11
页数: 172页
开本: 21cm
丛书名: 雨花忠魂
单 册:
中图分类: I253 , K827=6
科图分类:
主题词: 纪实文学--ji shi wen xue--中国--当代
电子资源:
ISBN: 978-7-5594-5095-1
000 01208nam 2200301 450
001 CAL 0120217137124
005 20230217093112.0
010    @a978-7-5594-5095-1@dCNY30.00
092    @aCN@bRt971-0620
100    @a20210408d2020 em y0chiy0120 ea
101 0  @achi
102    @aCN@b320000
105    @ay z 000zb
106    @ar
200 1  @a八月桂花遍地开@Aba yue gui hua bian di kai@e黄瑞生烈士传@f辛易著
210    @a南京@c江苏凤凰文艺出版社@d2020.11
215    @a172页@d21cm
225 2  @a雨花忠魂@Ayu hua zhong hun@i雨花英烈系列纪实文学
330    @a本书讲述了雨花台烈士黄瑞生为革命奋斗一生的光荣事迹。黄瑞生 (1904-1930), 安徽六安人。1925年加入中国共产党。1926年被派往黄埔军校学习, 曾参加东征战役, 后调中共江苏省委工作。1928年11月任中共南京市委宣传委员, 次年4月任中共南京市委负责人, 同年5月因叛徒告密被捕, 后牺牲于雨花台。
410  0 @12001 @a雨花忠魂@i雨花英烈系列纪实文学
517 1  @a黄瑞生烈士传@Ahuang rui sheng lie shi zhuan
600  0 @a黄瑞生,@Ahuang rui sheng@f1904-1930@x传记
606 0  @a纪实文学@Aji shi wen xue@y中国@z当代
690    @aI253@v5
690    @aK827=6@v5
701  0 @a辛易@Axin yi@4著
801  0 @aCN@bBJXHZP@c20230228
905    @b1384779-82@dI253@e1246@f4
    
    八月桂花遍地开:黄瑞生烈士传/辛易著.-南京:江苏凤凰文艺出版社,2020.11
    172页;21cm.-(雨花忠魂.雨花英烈系列纪实文学)
    
    
    ISBN 978-7-5594-5095-1:CNY30.00
    本书讲述了雨花台烈士黄瑞生为革命奋斗一生的光荣事迹。黄瑞生 (1904-1930), 安徽六安人。1925年加入中国共产党。1926年被派往黄埔军校学习, 曾参加东征战役, 后调中共江苏省委工作。1928年11月任中共南京市委宣传委员, 次年4月任中共南京市委负责人, 同年5月因叛徒告密被捕, 后牺牲于雨花台。
●
相关链接 在E读中查询图书 在五车中查询图书 在当当中查询图书 在豆瓣中查询图书


正题名:八月桂花遍地开     索取号:I253/1246         预约/预借

序号 登录号 条形码 馆藏地/架位号 状态 备注
1 1384779   213847792   第一样本阅览室/ [索取号:I253/1246] 在馆    
2 1384780   213847809   第二借阅区/ [索取号:I253/1246] 在馆    
3 1384781   213847818   第二借阅区/ [索取号:I253/1246] 在馆    
4 1384782   213847827   第二借阅区/ [索取号:I253/1246] 在馆    
唐山师范学院图书馆 欢迎您!
大连网信软件有限公司© 版权所有